Vista normal
Vista MARC
Entrada Personal Name
Número de registros utilizados en: 1
001 - CONTROL NUMBER
- control field: 15020
003 - CONTROL NUMBER IDENTIFIER
- control field: DLC
005 - DATE AND TIME OF LATEST TRANSACTION
- control field: 20231019103310.0
008 - FIXED-LENGTH DATA ELEMENTS
- fixed length control field: 920430n| acannaab| |n aaa ||| c
010 ## - LIBRARY OF CONGRESS CONTROL NUMBER
- LC control number: n 92047599
040 ## - CATALOGING SOURCE
- Original cataloging agency: TxU
- Transcribing agency: Mx-PuUPA
- Language of cataloging: spa
- Modifying agency: Mx-PuUPA
- Description conventions: rda
100 10 - HEADING--PERSONAL NAME
- Personal name: Verti, Sebastián,
374 ## - OCCUPATION
- Occupation: Autor
375 ## - GENDER
- Gender: hombre
377 ## - ASSOCIATED LANGUAGE
- Language code: spa
670 ## - SOURCE DATA FOUND
- Source citation: His Tradiciones mexicanas, 1991:
- Information found: t.p. (Sebastián Verti)